000 01006cam a2200289Ia 4500
008
020 _a0500281726 (pbk. )
049 _aMAIN
090 _aHT111 KOS
100 1 _aKostof, Spiro.
245 1 4 _aThe city assembled :
_bthe elements of urban form through history /
_cSpiro Kostof with the collaboration of Greg Castillo ; original drawings by Richard Tobias.
260 _aNew York :
_bThames and Hudson,
_c1999.
300 _a320 p. :
_bill. (some col.), facsims., maps, plans ;
_c26 cm.
504 _aIncludes bibliographical references.
500 _aIncludes index.
500 _aOriginally published: London : Thames & Hudson, 1992.
650 0 _aCities and towns
_xHistory.
650 0 _aCity and town life.
650 0 _aCity planning.
700 1 _aCastillo, Greg.
700 1 _aTobias, Richard.
907 _a.b10209293
_b31-01-07
_c07-08-06
003
005 20230123134308.0
040 _cNUST
942 _cBOOKS
_kHT111 KOS
999 _c163413
_d163413